Top 15 Länder mit Covid-19-Todesfällen - 2. Mai - Statistiken

Allgemein
  • Dieses Quiz wurde 19 mal gespielt
  • Das Durchschnittsergebnis liegt bei 14 aus 21
Antwortstatistiken
Land % Korrekt
Deutschland
100%
Vereinigte Staaten
100%
China
94%
Frankreich
94%
Italien
94%
Spanien
94%
Brasilien
88%
Vereinigtes Königreich
88%
Belgien
81%
Niederlande
69%
Iran
63%
Kanada
63%
Schweiz
56%
Irland
50%
Mexiko
50%
Schweden
50%
Schweden
50%
Türkei
50%
Portugal
44%
Dänemark
31%
Ecuador
13%
Keine übereinstimmenden Quizze gefunden
Verteilung der Resultate
Anzahl Personen mit jedem Resultat
Perzentil nach korrekt beantworteten Fragen
Ihre Resultats-Entwicklung
Sie haben dieses Quiz noch nicht gespielt